Britannica discovery library : Animals 5
| Format: | Book |
|---|---|
| Published: |
Chicago :
Encyclopaedia Britannica,Inc ,
2005
|
| Series: | Britannica discovery library
|
| Subjects: |
MARC
| LEADER | 00000cam a2200000 7i4500 | ||
|---|---|---|---|
| 001 | 0000096310 | ||
| 005 | 20051013.0 | ||
| 090 | 0 | 0 | |a 001 |b BRI |
| 245 | 0 | 0 | |a Britannica discovery library : |b Animals 5 |
| 260 | |a Chicago : |b Encyclopaedia Britannica,Inc , |c 2005 | ||
| 300 | |a 64p. : |b ill. ; |c 24cm. | ||
| 490 | 0 | |a Britannica discovery library | |
| 650 | 0 | 0 | |a Animals |x Juvenile literature |
| 999 | |a 00185871 |b BUKU |c JUNIOR REFERENCE |e PERPUSTAKAAN KOMUNITI PETALING JAYA | ||
| 999 | |a 00209510 |b BUKU |c JUNIOR REFERENCE |e PERPUSTAKAAN KOMUNITI PETALING JAYA | ||